[Event "2011 SC Site Championship, Pre Round, Round 3"]
[Site "SchemingMind.com"]
[Date "2010.11.07"]
[Round "3"]
[White "Danzino"]
[Black "Marcel51"]
[Result "1/2-1/2"]
[WhiteCountry "GBR"]
[BlackCountry "FRA"]
[WhiteElo "2051"]
[WhiteRD "103"]
[BlackElo "2140"]
[BlackRD "78"]
[GameID "266176"]

1. c4 e5 2. g3 Nf6 3. Bg2 Nc6 4. Nf3 Bc5 5. O-O d6 6. Nc3 O-O 7. d3 h6 8. Na4 Bb6 9. Nxb6 axb6 10. b3 Bf5
11. Bb2 Qd7 12. d4 Rfe8 13. dxe5 dxe5 14. Qxd7 Nxd7 15. Rfd1 Nc5 16. Rd2 Ne4 17. Rd5 f6 18. Nh4 Bh7 19. Rd7 Re7 20. Rxe7 Nxe7
21. a4 Rd8 22. Bxe4 Bxe4 23. Bc3 Bc2 24. b4 Rd1+ 25. Rxd1 Bxd1 26. e4 Bxa4 27. Nf5 Nxf5 28. exf5 Kf7 29. f3 c5 30. bxc5 bxc5
31. Ba5 Ke7 32. Kf2 Bb3 33. Bb6 Kd6 34. Ke3 Bxc4 35. f4 h5 36. fxe5+ fxe5 37. Kf3 Bd3 38. g4 e4+ 39. Kf4 hxg4 40. Kxg4 e3
41. Kf3 e2 42. Kf2 Kd5 43. h4 c4 44. Ba5 b5 45. h5 Bxf5 46. Kxe2 Kc5 47. Bc3 Bg4+ 48. Kd2 Bxh5 49. Bxg7 b4 50. Kc2 Bg6+
51. Kb2 Kb6 52. Bf6 Ka5 53. Bg7 Ka4 54. Bf6 Kb5 55. Bg7 b3 56. Bf6 Kc5 57. Bg7 Kd5 58. Bf6 Bc2 59. Bg7 Ke4 60. Bh8 Kd3
61. Bg7 Bd1= 62. Bf6 Bc2=
1/2-1/2

[Event "2011 SC Site Championship, Pre Round, Round 3"]
[Site "SchemingMind.com"]
[Date "2010.11.06"]
[Round "3"]
[White "DeepGreene"]
[Black "maro"]
[Result "0-1"]
[WhiteCountry "CAN"]
[BlackCountry "MEX"]
[WhiteElo "1540"]
[WhiteRD "134"]
[BlackElo "1353"]
[BlackRD "52"]
[GameID "266178"]

1. d4 d5 2. c4 e5 3. dxe5 c6 4. Nf3 Qa5+ 5. Bd2 Qc5 6. e3 dxc4 7. Qc2 Be6 8. Nc3 Be7 9. Ne4 Qd5 10. Bxc4 Qd7
11. O-O Nh6 12. Rfd1 Bxc4 13. Qxc4 O-O
0-1

[Event "2011 SC Site Championship, Pre Round, Round 3"]
[Site "SchemingMind.com"]
[Date "2010.11.08"]
[Round "3"]
[White "echecs"]
[Black "Number34"]
[Result "0-1"]
[WhiteCountry "ENG"]
[BlackCountry "USA"]
[WhiteElo "1828"]
[WhiteRD "61"]
[BlackElo "2350"]
[BlackRD "72"]
[GameID "266181"]

1. e4 c5 2. c3 d5 3. exd5 Qxd5 4. Nf3 Nf6 5. d4 cxd4 6. cxd4 e6 7. Be3 Bb4+ 8. Nc3 O-O 9. Be2 Bd7 10. O-O Bxc3
11. bxc3 Bb5 12. Nd2 Bxe2 13. Qxe2 Nc6 14. Nf3 Na5 15. Rfc1 Rac8 16. Bd2 Nc4 17. Be1 Qh5 18. h3 Nd5 19. Rab1 b5 20. Rxb5 Nxc3
21. Bxc3 Qxb5 22. Ba1 Na3 23. Qe3 Rxc1+ 24. Qxc1 Qb1 25. Bb2 Rc8 26. Qxb1 Nxb1 27. Ne5 Rc2
0-1

[Event "2011 SC Site Championship, Pre Round, Round 3"]
[Site "SchemingMind.com"]
[Date "2010.11.06"]
[Round "3"]
[White "Phillip Beckett"]
[Black "lemme howdt"]
[Result "0-1"]
[WhiteCountry "ENG"]
[BlackCountry "USA"]
[WhiteElo "1623"]
[WhiteRD "53"]
[BlackElo "1623"]
[BlackRD "75"]
[GameID "266182"]

1. e4 e5 2. Nf3 Nc6 3. Bb5 a6 4. Bxc6 bxc6 5. d4 exd4 6. Qxd4 Bb7 7. O-O c5 8. Qe5+ Ne7 9. Nc3 d6 10. Qg3 Ng6
11. Bg5 Be7 12. Bxe7 Qxe7 13. Nd5 Bxd5 14. exd5 O-O 15. Rfe1 Qf6 16. c3 Rab8 17. Rab1 a5 18. h3 h6 19. Nh2 Qf4 20. Qxf4 Nxf4
21. c4 Nd3 22. Re2 a4 23. b3 axb3 24. Rxb3 Rxb3 25. axb3 Nc1 26. Rb2 Rb8 27. Nf3 Rxb3 28. Rc2 Nd3 29. Ra2 Rb1+ 30. Kh2 Rb4
31. Rc2 f6 32. Nh4 Ne5 33. Nf5 Kf7 34. f4 Nxc4 35. Nh4 Ne3 36. Re2 Nxd5 37. g3 c4 38. Nf5 c3 39. Ne3 Re4
0-1

[Event "2011 SC Site Championship, Pre Round, Round 3"]
[Site "SchemingMind.com"]
[Date "2010.11.11"]
[Round "3"]
[White "Fiesty 50"]
[Black "paradox"]
[Result "1/2-1/2"]
[WhiteCountry "ENG"]
[BlackCountry "GER"]
[WhiteElo "2197"]
[WhiteRD "108"]
[BlackElo "2140"]
[BlackRD "116"]
[GameID "266183"]

1. e4 e6 2. d4 d5 3. Nc3 Nf6 4. e5 Nfd7 5. f4 c5 6. Nf3 Nc6 7. Be3 cxd4 8. Nxd4 Bc5 9. Qd2 Bxd4 10. Bxd4 Nxd4
11. Qxd4 Qb6 12. Qxb6 Nxb6 13. Nb5 O-O 14. O-O-O Bd7 15. Nd4 Rac8 16. Be2 Nc4 17. Bxc4 Rxc4 18. Rhf1 f6 19. b3 Rc7 20. Nf3 Rfc8
21. Rf2 Kf7 22. Re1 f5 23. a4 Rc3 24. Kb2 h6 25. Nd4 a6 26. Rg1 g6 27. g3 Re3 28. g4 fxg4 29. Rxg4 b5 30. axb5 axb5
31. Rfg2 Rg8 32. Ka3 Re4 33. c3 h5 34. Rg5 Rxf4 35. Kb4 Re4 36. Ra2=
1/2-1/2

[Event "2011 SC Site Championship, Pre Round, Round 3"]
[Site "SchemingMind.com"]
[Date "2010.11.11"]
[Round "3"]
[White "Frankygolucky"]
[Black "Abacist"]
[Result "1-0"]
[WhiteCountry "GBR"]
[BlackCountry "USA"]
[WhiteElo "1869"]
[WhiteRD "96"]
[BlackElo "1657"]
[BlackRD "166"]
[GameID "266184"]

1. d4 Nf6 2. c4 g6 3. Nc3 Bg7 4. e4 O-O 5. e5 Ne8 6. f4 d6 7. Be3 f6 8. Be2 fxe5 9. dxe5 Nc6 10. Nf3 Bg4
11. Ng5 Bxe2 12. Qxe2 Qd7 13. O-O-O h6 14. Nf3 a5 15. h4 Qf5 16. Rd5 Qc8 17. Nd4 Nxd4 18. Rxd4 c6 19. h5 dxe5 20. fxe5 g5
21. Bxg5 hxg5 22. h6 Bh8 23. h7+ Kg7 24. Qh5 Qf5 25. Ne4 Qf4+ 26. Kb1 Qxe5 27. Qh6+ Kf7 28. Nxg5+ Qxg5 29. Qxg5 Bxd4 30. Qf4+ Nf6
31. Qxd4 Rfd8 32. Qf4 Ke6 33. g4 Rf8 34. Rh6 Rad8 35. g5 Rd1+ 36. Kc2 Rfd8 37. Qg4+ Ke5 38. Qxd1 Rxd1 39. Kxd1
1-0

[Event "2011 SC Site Championship, Pre Round, Round 3"]
[Site "SchemingMind.com"]
[Date "2010.11.11"]
[Round "3"]
[White "Girkassa"]
[Black "sthorwall"]
[Result "1/2-1/2"]
[WhiteCountry "NOR"]
[BlackCountry "USA"]
[WhiteElo "2087"]
[WhiteRD "80"]
[BlackElo "2201"]
[BlackRD "91"]
[GameID "266185"]

1. d4 Nf6 2. c4 Nc6 3. Nf3 e6 4. a3 d5 5. Nc3 Be7 6. Bf4 O-O 7. e3 Re8 8. Rc1 Nh5 9. Bg3 Nxg3 10. hxg3 h6
11. Qc2 Bf6 12. cxd5 exd5 13. Bb5 Bxd4 14. Bxc6 Bxc3+ 15. Qxc3 bxc6 16. Qxc6 Rb8 17. Qxc7 Qxc7 18. Rxc7 Rxb2 19. O-O a6 20. Nd4 Ra2
21. Rb1 Be6 22. Rb3 a5 23. Ra7 Ra1+ 24. Kh2 Bg4 25. Nc6 Re6 26. Rc7 Ra2 27. Kg1 Ra1+=
1/2-1/2

[Event "2011 SC Site Championship, Pre Round, Round 3"]
[Site "SchemingMind.com"]
[Date "2010.11.11"]
[Round "3"]
[White "GM Mark"]
[Black "Archr"]
[Result "1-0"]
[WhiteCountry "ENG"]
[BlackCountry "USA"]
[WhiteElo "2575"]
[WhiteRD "189"]
[BlackElo "1548"]
[BlackRD "107"]
[GameID "266186"]

1. e4 e5 2. Nf3 Nc6 3. Bb5 a6 4. Ba4 Nf6 5. O-O Be7 6. Re1 b5 7. Bb3 O-O 8. c3 d6 9. h3 Bb7 10. d4 Re8
11. a4 Qd7 12. Nbd2 Bf8 13. Ng5 Re7 14. d5 Nd8 15. Nf1 c6 16. Ng3 cxd5 17. exd5 h6 18. axb5 Qxb5 19. N5e4 Nxe4 20. Rxe4 Bc8
21. Rb4
1-0

[Event "2011 SC Site Championship, Pre Round, Round 3"]
[Site "SchemingMind.com"]
[Date "2010.11.06"]
[Round "3"]
[White "Granny Gambit"]
[Black "simon_w"]
[Result "1-0"]
[WhiteCountry "ENG"]
[BlackCountry "IRL"]
[WhiteElo "2022"]
[WhiteRD "85"]
[BlackElo "1925"]
[BlackRD "80"]
[GameID "266187"]

1. d4 d5 2. c4 e5 3. cxd5 Qxd5 4. Nf3 Nc6 5. Nc3 Bb4 6. Bd2 Bxc3 7. Bxc3 e4 8. Ne5 Nxe5 9. dxe5 Ne7 10. e3 Bd7
11. Be2 Rd8 12. O-O O-O 13. Qc2 Qc6 14. Rac1 b6 15. Rfd1 Rfe8 16. Bb4 Qxc2 17. Rxc2 c5 18. Bxc5 bxc5 19. Rcd2 Nc6 20. Rxd7 Rxd7
21. Rxd7 Nxe5 22. Rxa7 Rd8 23. Rc7 Nd3 24. b3 Nc1 25. Bf1 g6 26. g4 Nxa2 27. Bc4 Rf8 28. Rxc5 Kg7 29. Rc7 Nb4 30. Kg2 Kf6
31. h4 h6 32. Kg3 g5 33. h5
1-0

[Event "2011 SC Site Championship, Pre Round, Round 3"]
[Site "SchemingMind.com"]
[Date "2010.11.11"]
[Round "3"]
[White "Jaschin"]
[Black "Alessandro Dotti Contra"]
[Result "0-1"]
[WhiteCountry "GER"]
[BlackCountry "ITA"]
[WhiteElo "1343"]
[WhiteRD "75"]
[BlackElo "1461"]
[BlackRD "94"]
[GameID "266188"]

1. e4 e5 2. Nf3 Nc6 3. Bb5 a6 4. Bxc6 dxc6 5. O-O Qd6 6. Na3 Nf6 7. Nc4 Qe6 8. d3 Bd6 9. Ng5 Qg4 10. Qxg4 Nxg4
11. h3 Nh6 12. Nf3 f6 13. Bxh6 gxh6 14. d4 exd4 15. Nxd4 c5 16. Nxd6+ cxd6 17. Nf5 Bxf5 18. exf5 O-O-O 19. Rfe1 Rhe8 20. Re6 Rxe6
21. fxe6 Re8 22. Re1 b5 23. f4 f5 24. g4 fxg4 25. hxg4 Kd8 26. f5 h5 27. gxh5 Ke7 28. Kg2 a5 29. Kf3 Rf8 30. Kf4 h6
31. Rg1 Rf6
0-1

[Event "2011 SC Site Championship, Pre Round, Round 3"]
[Site "SchemingMind.com"]
[Date "2010.11.11"]
[Round "3"]
[White "jballinger44"]
[Black "Mekk"]
[Result "0-1"]
[WhiteCountry "USA"]
[BlackCountry "POL"]
[WhiteElo "1251"]
[WhiteRD "65"]
[BlackElo "1901"]
[BlackRD "110"]
[GameID "266189"]

1. e4 c5 2. d3 Nc6 3. g3 e5 4. Bh3 Nf6 5. Nc3 d5 6. exd5 Nxd5 7. Nxd5 Qxd5 8. Bxc8 Qxh1 9. Bxb7 Rb8 10. Bxc6+ Qxc6
11. Qf3 Qxf3 12. Nxf3 f6 13. Bd2 Rxb2 14. Ba5 Bd6 15. c4 Kf7 16. Bc3 Rb7 17. Rd1 Rhb8 18. Nd2 g6
0-1

[Event "2011 SC Site Championship, Pre Round, Round 3"]
[Site "SchemingMind.com"]
[Date "2010.11.11"]
[Round "3"]
[White "Sebastian Strauchler"]
[Black "Zeidan"]
[Result "1/2-1/2"]
[WhiteCountry "ARG"]
[BlackCountry "LBN"]
[WhiteElo "2167"]
[WhiteRD "103"]
[BlackElo "2150"]
[BlackRD "70"]
[GameID "266190"]

1. e4 d6 2. d4 g6 3. Be3 Bg7 4. Nc3 Nf6 5. Bc4 O-O 6. f3 Nc6 7. Qd2 e5 8. Nge2 a6 9. a4 exd4 10. Nxd4 Ne5
11. Ba2 c5 12. Nde2 Be6 13. Bxe6 fxe6 14. b3 Qe7 15. O-O Rad8 16. Ng3 d5 17. exd5 exd5 18. Bg5 Qe6 19. Rfe1 Qd6 20. Rad1 Nf7
21. Bh4 Qc6 22. Kh1 d4 23. Nce4 Nxe4 24. Rxe4 Rd5 25. Be7 Re8 26. Rde1 c4 27. Bf6 Rxe4 28. fxe4 Rd7 29. Bxg7 Kxg7 30. e5 c3
31. Qf2 Qe6 32. Ne2 Nxe5 33. Nxd4=
1/2-1/2

[Event "2011 SC Site Championship, Pre Round, Round 3"]
[Site "SchemingMind.com"]
[Date "2010.11.06"]
[Round "3"]
[White "JPT"]
[Black "Archon"]
[Result "1/2-1/2"]
[WhiteCountry "INT"]
[BlackCountry "CAN"]
[WhiteElo "1859"]
[WhiteRD "93"]
[BlackElo "1739"]
[BlackRD "62"]
[GameID "266191"]

1. e4 d6 2. d4 Nf6 3. Nc3 g6 4. f4 Bg7 5. Nf3 O-O 6. Bd3 Na6 7. O-O c5 8. f5 cxd4 9. Nxd4 Nc5 10. Be2 Nfxe4
11. Nxe4 Nxe4 12. fxg6 hxg6 13. Bf3 Qb6 14. c3 Nxc3 15. bxc3 e5 16. Be3 exd4 17. Bxd4 Bxd4+ 18. Qxd4 Qxd4+ 19. cxd4 Be6 20. Bxb7 Rab8
21. Bc6 Rb2 22. d5 Bf5 23. a4 Rfb8 24. Bb5 Rc8 25. Bc6 Rcb8 26. Bb5=
1/2-1/2

[Event "2011 SC Site Championship, Pre Round, Round 3"]
[Site "SchemingMind.com"]
[Date "2010.11.06"]
[Round "3"]
[White "Arthur Wilding"]
[Black "Wolli"]
[Result "0-1"]
[WhiteCountry "WLS"]
[BlackCountry "GER"]
[WhiteElo "1319"]
[WhiteRD "71"]
[BlackElo "1826"]
[BlackRD "90"]
[GameID "266192"]

1. d4 d5 2. Nf3 Nf6 3. Nc3 e6 4. e3 c5 5. Bb5+ Bd7 6. Bxd7+ Nbxd7 7. O-O Be7 8. Re1 O-O 9. Ne2 c4 10. c3 Ne4
11. Nd2 Nxd2 12. Bxd2 b5 13. a4 a6 14. axb5 axb5 15. Rxa8 Qxa8 16. g3 Qa7 17. g4 Nf6 18. h3 Ra8 19. Kh1 Qa2 20. Qc2 Ne4
21. f3 Nf2+ 22. Kg2 Nd3 23. Rb1 Ra3 24. Nc1 Nxc1 25. Bxc1 Bf6 26. Kf2 Rb3 27. Ke2 b4 28. f4 bxc3 29. g5 Be7 30. e4 cxb2
31. Bxb2 Ba3 32. Kf1 Rxb2 33. Rxb2 Qxb2 34. Qa4 Qc1+ 35. Kg2 Qd2+ 36. Kh1 Qe1+ 37. Kh2 Qf2+ 38. Kh1 Qf1+ 39. Kh2 Qxf4+ 40. Kh1 Qxe4+
41. Kh2 Qf4+ 42. Kh1 Qf1+ 43. Kh2 Bd6#
0-1

[Event "2011 SC Site Championship, Pre Round, Round 3"]
[Site "SchemingMind.com"]
[Date "2010.11.07"]
[Round "3"]
[White "krysto"]
[Black "C. H. O'D. Schlechter"]
[Result "0-1"]
[WhiteCountry "MEX"]
[BlackCountry "USA"]
[WhiteElo "1762"]
[WhiteRD "100"]
[BlackElo "2417"]
[BlackRD "86"]
[GameID "266193"]

1. e4 e5 2. Nf3 Nc6 3. Bb5 a6 4. Ba4 Nf6 5. O-O Be7 6. Re1 b5 7. Bb3 d6 8. c3 O-O 9. h3 Na5 10. Bc2 c5
11. d4 Qc7 12. Nbd2 Bd7 13. Nf1 Nc4 14. b3 Nb6 15. d5 a5 16. a4 c4 17. Bg5 cxb3 18. Bxb3 Nxa4 19. Bxa4 bxa4 20. Ng3 g6
21. Qd2 Rab8 22. Nh2 Rb3 23. Bxf6 Bxf6 24. Ng4 Be7 25. Re3 Bxg4 26. hxg4 Bg5
0-1

[Event "2011 SC Site Championship, Pre Round, Round 3"]
[Site "SchemingMind.com"]
[Date "2010.11.11"]
[Round "3"]
[White "kynoceros"]
[Black "Danzino"]
[Result "0-1"]
[WhiteCountry "USA"]
[BlackCountry "GBR"]
[WhiteElo "1526"]
[WhiteRD "80"]
[BlackElo "2039"]
[BlackRD "100"]
[GameID "266194"]

1. e4 c5 2. Nf3 g6 3. d4 cxd4 4. Nxd4 Nc6 5. Nc3 Bg7 6. Be3 Nf6 7. Bc4 O-O 8. Bb3 a5 9. O-O d6 10. Ndb5 b6
11. Re1 Ba6 12. a4 Rc8 13. f3 Nd7 14. Nd4 Nxd4 15. Bxd4 Nc5 16. Ra3 Bxd4+ 17. Qxd4 Qd7 18. Nd5 Qb7 19. Bc4 Bxc4 20. Qxc4 Rfe8
21. b4 Nxa4 22. Qb3 b5 23. bxa5 Nc5 24. Qb4 Na6 25. Qb2 Nc7 26. Nb4 Na6 27. Rc1 Nxb4 28. Qxb4 Rc4 29. a6 Qa7+
0-1

[Event "2011 SC Site Championship, Pre Round, Round 3"]
[Site "SchemingMind.com"]
[Date "2010.11.06"]
[Round "3"]
[White "lemme howdt"]
[Black "pjl1015"]
[Result "0-1"]
[WhiteCountry "USA"]
[BlackCountry "USA"]
[WhiteElo "1625"]
[WhiteRD "78"]
[BlackElo "2510"]
[BlackRD "108"]
[GameID "266195"]

1. e4 e6 2. d4 d5 3. e5 c5 4. Bb5+ Bd7 5. Bxd7+ Nxd7 6. c3 Qb6 7. Nf3 Ne7 8. Qb3 Qxb3 9. axb3 Nc6 10. Bf4 a6
11. O-O Be7 12. Nbd2 cxd4 13. cxd4 O-O 14. Rfc1 f6 15. exf6 Bxf6 16. Bd6 Rfc8 17. b4 Nxd4 18. Rxc8+ Rxc8 19. Re1 Rc2 20. b3 Kf7
21. h3 Nb5 22. Bf4 h6 23. g4 Bc3 24. Re2 g5 25. Bg3 Bxb4 26. h4 gxh4 27. Bxh4 e5 28. Nxe5+ Nxe5 29. Rxe5 Rxd2 30. Rf5+ Kg7
31. Bf6+ Kg6 32. Kg2 Nd6 33. Rf4 Ne4 34. Be5 Bc5
0-1

[Event "2011 SC Site Championship, Pre Round, Round 3"]
[Site "SchemingMind.com"]
[Date "2010.11.06"]
[Round "3"]
[White "loco61"]
[Black "Orange Lion"]
[Result "0-1"]
[WhiteCountry "ENG"]
[BlackCountry "NED"]
[WhiteElo "1573"]
[WhiteRD "64"]
[BlackElo "2411"]
[BlackRD "82"]
[GameID "266196"]

1. e4 e6 2. d4 d5 3. exd5 exd5 4. Nc3 Bb4 5. Bd2 Nf6 6. f3 O-O 7. Bd3 c5 8. Nce2 Bxd2+ 9. Qxd2 c4 10. Bxh7+ Nxh7
11. O-O-O Nc6 12. g4 f5 13. h3 fxg4 14. hxg4 Ng5 15. Rh5 Nxf3 16. Nxf3 Bxg4 17. Rg5 Bxf3 18. Rdg1 Rf7 19. Nf4 Qf6 20. Nxd5 Qxd4
21. Qxd4 Nxd4 22. Nc3 Rd8 23. b3 cxb3 24. axb3 Rc8 25. Kd2 Rd7 26. R1g3 Nf5+
0-1

[Event "2011 SC Site Championship, Pre Round, Round 3"]
[Site "SchemingMind.com"]
[Date "2010.11.08"]
[Round "3"]
[White "Louis Lima"]
[Black "tyler_ensor"]
[Result "0-1"]
[WhiteCountry "ESP"]
[BlackCountry "CAN"]
[WhiteElo "1837"]
[WhiteRD "68"]
[BlackElo "1880"]
[BlackRD "65"]
[GameID "266197"]

1. e4 c5 2. d4 cxd4 3. c3 dxc3 4. Nxc3 Nc6 5. Nf3 e6 6. Bc4 d6 7. O-O Nf6 8. Qe2 Be7 9. Rd1 e5 10. Be3 O-O
11. b4 Nxb4
0-1

[Event "2011 SC Site Championship, Pre Round, Round 3"]
[Site "SchemingMind.com"]
[Date "2010.11.08"]
[Round "3"]
[White "Clive Everill"]
[Black "JPT"]
[Result "0-1"]
[WhiteCountry "CZE"]
[BlackCountry "INT"]
[WhiteElo "1684"]
[WhiteRD "49"]
[BlackElo "1859"]
[BlackRD "93"]
[GameID "266198"]

1. e4 d5 2. exd5 Nf6 3. Bb5+ Bd7 4. Be2 c6 5. dxc6 Nxc6 6. d4 e6 7. Nf3 Bd6 8. Bg5 O-O 9. c4 Be7 10. Nc3 Qb6
11. Rb1 Rad8 12. c5 Qc7 13. O-O Nd5 14. Nxd5 exd5 15. Bxe7 Nxe7 16. Ng5 Qf4 17. Nf3 Ng6 18. Ne1 Rfe8 19. g3 Qf6 20. Ng2 a6
21. Bf3 Bb5 22. Re1 Ne7 23. a4 Bc6 24. b4 Nf5 25. b5 Nxd4 26. Rxe8+ Bxe8 27. bxa6 Nxf3+ 28. Kh1 bxa6 29. Nf4 Bc6 30. Rb6 d4
31. h3 Ne5+ 32. Kg1 Qf5 33. Kh2 Qe4 34. Qg1 Nf3+
0-1

[Event "2011 SC Site Championship, Pre Round, Round 3"]
[Site "SchemingMind.com"]
[Date "2010.11.07"]
[Round "3"]
[White "madrugada"]
[Black "spoke"]
[Result "1-0"]
[WhiteCountry "BEL"]
[BlackCountry "GER"]
[WhiteElo "1702"]
[WhiteRD "126"]
[BlackElo "1710"]
[BlackRD "68"]
[GameID "266199"]

1. e4 e5 2. Nf3 Nc6 3. Bc4 Nf6 4. d4 exd4 5. O-O Nxe4 6. Re1 d5 7. Bxd5 Qxd5 8. Nc3 Qh5 9. Nxe4 Be6 10. Neg5 O-O-O
11. Nxe6 fxe6 12. Rxe6 Bd6 13. Bd2 d3 14. cxd3 Qd5 15. Qe2 Nb4 16. Bxb4 Bxb4 17. d4 Qd7 18. Rc1 Bd2 19. Nxd2 Qxd4 20. Re7 Qxd2
21. Rcxc7+
1-0

[Event "2011 SC Site Championship, Pre Round, Round 3"]
[Site "SchemingMind.com"]
[Date "2010.11.06"]
[Round "3"]
[White "Marcel51"]
[Black "Aadsje"]
[Result "1-0"]
[WhiteCountry "FRA"]
[BlackCountry "NED"]
[WhiteElo "2093"]
[WhiteRD "84"]
[BlackElo "2024"]
[BlackRD "72"]
[GameID "266200"]

1. e4 c5 2. Nf3 e6 3. c3 Nc6 4. d4 d5 5. Nbd2 cxd4 6. cxd4 Bb4 7. e5 Nh6 8. Bd3 Nf5 9. O-O O-O 10. Nb3 f6
11. Bd2 Be7 12. Bxf5 exf5 13. Rc1 f4 14. Re1 Bg4 15. h3 Bf5 16. Bxf4 Be4 17. e6 Qb6 18. Nfd2 f5 19. f3 Bd3 20. Nf1 Bxf1
21. Rxf1 Rfe8 22. Re1 a5 23. Qd3 a4 24. Nc5 Qxb2 25. Be3 Bxc5 26. Rxc5 Rxe6 27. Qxf5 Rae8 28. Qxd5 Kf8 29. Qf5+ Kg8 30. Rb1 Qxa2
31. Rxb7 Rxe3 32. Rxc6 Qa1+ 33. Kh2 Qxd4 34. Rd7 Qe5+ 35. Qxe5 R3xe5 36. Rcc7 Rg5 37. f4 Rf5 38. Rxg7+ Kh8 39. Rxh7+ Kg8 40. Kg3 Rb5
41. Rcg7+ Kf8 42. Ra7 Kg8 43. Rhg7+ Kh8 44. Kh4 a3 45. g4 a2 46. Rgc7 Rb6 47. Rxa2 Rh6+ 48. Kg3 Re3+ 49. Kg2 Rhe6 50. g5
1-0

[Event "2011 SC Site Championship, Pre Round, Round 3"]
[Site "SchemingMind.com"]
[Date "2010.11.12"]
[Round "3"]
[White "MARISCAL"]
[Black "jballinger44"]
[Result "1-0"]
[WhiteCountry "ESP"]
[BlackCountry "USA"]
[WhiteElo "2290"]
[WhiteRD "96"]
[BlackElo "1238"]
[BlackRD "64"]
[GameID "266201"]

1. e4 c5 2. c3 Nf6 3. e5 Ng4 4. Qxg4 e6 5. Nf3 g6 6. d4 cxd4 7. Nxd4 Bg7 8. Bg5 f6 9. exf6 h5 10. fxg7 Rg8
11. Qf4
1-0

[Event "2011 SC Site Championship, Pre Round, Round 3"]
[Site "SchemingMind.com"]
[Date "2010.11.06"]
[Round "3"]
[White "Mark_Noble"]
[Black "Aumonde"]
[Result "1-0"]
[WhiteCountry "NZL"]
[BlackCountry "USA"]
[WhiteElo "2008"]
[WhiteRD "133"]
[BlackElo "2214"]
[BlackRD "69"]
[GameID "266202"]

1. e4 d5 2. exd5 Qxd5 3. Nc3 Qa5 4. d4 Nf6 5. Nf3 Bf5 6. Ne5 c6 7. Bf4 e6 8. g4 Bg6 9. h4 Bb4 10. Rh3 Bxc3+
11. bxc3 O-O 12. Qe2 b5 13. h5 Be4 14. h6 Re8 15. hxg7 Bg6 16. Bg2 Nd5 17. Qd2 Qa3 18. Nxg6 Qb2 19. Rd1 fxg6 20. Be5 Nd7
21. Qh6 N7f6 22. g5 Nh5 23. Be4 Qxc3+ 24. Rxc3 Nxc3 25. Bxg6 hxg6 26. Rd3 Nd5 27. Rf3 Ndf4 28. Bxf4 Nxg7 29. Be5 Re7 30. Qxg6
1-0

[Event "2011 SC Site Championship, Pre Round, Round 3"]
[Site "SchemingMind.com"]
[Date "2010.11.07"]
[Round "3"]
[White "maro"]
[Black "echecs"]
[Result "0-1"]
[WhiteCountry "MEX"]
[BlackCountry "ENG"]
[WhiteElo "1357"]
[WhiteRD "52"]
[BlackElo "1828"]
[BlackRD "61"]
[GameID "266203"]

1. d4 g6 2. e4 Bg7 3. Nf3 d6 4. Bc4 e6 5. Nc3 Ne7 6. O-O O-O 7. e5 dxe5 8. dxe5 Nbc6 9. Be3 Nxe5 10. Nxe5 Bxe5
11. Ne4 Bxb2 12. Rb1 Bg7 13. Bg5 Qxd1 14. Rbxd1 Nf5 15. Nf6+ Kh8 16. Nd7 Re8 17. Rfe1 Nd6 18. Ne5 f6 19. Nf7+ Nxf7 20. Bf4 c6
0-1

[Event "2011 SC Site Championship, Pre Round, Round 3"]
[Site "SchemingMind.com"]
[Date "2010.11.11"]
[Round "3"]
[White "Mekk"]
[Black "Spottdrossel"]
[Result "1/2-1/2"]
[WhiteCountry "POL"]
[BlackCountry "GER"]
[WhiteElo "1881"]
[WhiteRD "105"]
[BlackElo "1909"]
[BlackRD "77"]
[GameID "266204"]

1. e4 e6 2. d4 d5 3. Nc3 Nc6 4. e5 Bb4 5. a3 Bxc3+ 6. bxc3 Nge7 7. Bd3 O-O 8. f4 f5 9. exf6 Rxf6 10. Nf3 Ng6
11. g3 Nce7 12. O-O Bd7 13. Ne5 Nxe5 14. fxe5 Rxf1+ 15. Qxf1 Qf8 16. Bg5 Qxf1+ 17. Rxf1 Ng6 18. c4 c6 19. c5 Rf8 20. Rb1 Bc8
21. h4 Rf3 22. Kg2 Rf7 23. h5 Ne7 24. Rf1 Rxf1 25. Kxf1 Nf5 26. Bxf5 exf5 27. h6 gxh6 28. Bxh6 Kf7 29. Kf2 Bd7 30. Kf3 b6
31. cxb6 axb6 32. Be3 Ke6 33. Kf4 Be8 34. Kg5 Bg6 35. c3 c5 36. dxc5 bxc5 37. Bxc5 Kxe5 38. a4 Be8 39. a5 Bb5 40. Kh6 Bd3
41. Be3 Ke4 42. Bf4 Bc4= 43. Kxh7 Ba6 44. Kg6 Bc8 45. Kg5 d4 46. c4 d3 47. c5 Kd5 48. Be3 Kc4 49. a6 Bxa6 50. Kxf5 d2
51. Bxd2 Kxc5 52. Bf4 Bd3+=
1/2-1/2

[Event "2011 SC Site Championship, Pre Round, Round 3"]
[Site "SchemingMind.com"]
[Date "2010.11.07"]
[Round "3"]
[White "memet"]
[Black "thebirdolux"]
[Result "0-1"]
[WhiteCountry "TUR"]
[BlackCountry "USA"]
[WhiteElo "1585"]
[WhiteRD "74"]
[BlackElo "2441"]
[BlackRD "84"]
[GameID "266206"]

1. e4 c5 2. Nf3 Nc6 3. Bb5 g6 4. b3 Bg7 5. c3 Nf6 6. Bxc6 dxc6 7. O-O Nxe4 8. Bb2 O-O 9. Re1 Nd6 10. Rxe7 Qxe7
11. d3 Re8 12. Nbd2 Qe2 13. Qc2 Bf5 14. Re1 Qxe1+ 15. Nxe1 Rxe1+ 16. Nf1 Rae8 17. Qd2 Bh6 18. Qxh6 Rxf1+
0-1

[Event "2011 SC Site Championship, Pre Round, Round 3"]
[Site "SchemingMind.com"]
[Date "2010.11.07"]
[Round "3"]
[White "mikewharvey"]
[Black "Milan"]
[Result "1/2-1/2"]
[WhiteCountry "GBR"]
[BlackCountry "CZE"]
[WhiteElo "1862"]
[WhiteRD "102"]
[BlackElo "1850"]
[BlackRD "69"]
[GameID "266207"]

1. c4 c6 2. Nc3 g6 3. g3 Bg7 4. Bg2 Nf6 5. Nf3 O-O 6. d4 d5 7. cxd5 Nxd5 8. e4 Nxc3 9. bxc3 Bg4 10. Qb3 Qb6
11. Ba3 Qxb3 12. axb3 Bxf3 13. Bxf3 Re8 14. O-O Nd7 15. e5 e6 16. b4 a6= 17. Bc1 Rec8 18. Re1 Re8 19. Bg4 h5 20. Bh3 Rf8
21. Bg5 Rfe8 22. f4 Nb6 23. Bf1 Nd5 24. Rac1 Bf8 25. Re2 Be7 26. Bxe7 Rxe7 27. Rb2 Kg7 28. h4 Kg8 29. Kf2 Kg7 30. Kf3 Kg8
31. Ke4 Kg7 32. Rg2 a5=
1/2-1/2

[Event "2011 SC Site Championship, Pre Round, Round 3"]
[Site "SchemingMind.com"]
[Date "2010.11.11"]
[Round "3"]
[White "Milan"]
[Black "Frankygolucky"]
[Result "1/2-1/2"]
[WhiteCountry "CZE"]
[BlackCountry "GBR"]
[WhiteElo "1835"]
[WhiteRD "74"]
[BlackElo "1839"]
[BlackRD "99"]
[GameID "266208"]

1. d4 Nf6 2. Nf3 d5 3. e3 e6 4. Bd3 c5 5. c3 Nc6 6. O-O Bd6 7. Nbd2 O-O 8. dxc5 Bxc5 9. e4 Qc7 10. Qe2 Bd6
11. Re1 Ng4 12. h3=
1/2-1/2

[Event "2011 SC Site Championship, Pre Round, Round 3"]
[Site "SchemingMind.com"]
[Date "2010.11.09"]
[Round "3"]
[White "Mitchell-in"]
[Black "Nut"]
[Result "0-1"]
[WhiteCountry "ENG"]
[BlackCountry "USA"]
[WhiteElo "1876"]
[WhiteRD "74"]
[BlackElo "2042"]
[BlackRD "80"]
[GameID "266209"]

1. e4 e5 2. f4 exf4 3. Nf3 h6 4. d4 g5 5. Nc3 d6 6. Bc4 Bg7 7. O-O Nc6 8. Nd5 Nge7 9. c3 O-O 10. g3 fxg3
11. hxg3 Nxd5 12. Bxd5 Na5 13. b4 c6 14. bxa5 cxd5 15. exd5 Qxa5 16. c4 Qc3 17. Qd2 Qxc4 18. Ba3 g4 19. Bxd6 gxf3 20. Bxf8 Bxd4+
21. Kh2 Qe2+ 22. Qxe2 fxe2
0-1